Loading...
| Fine Arts - Auditory Fine Arts | 3 | 7 | 1 | 0 | 110 | 37 | 100.00 | 8 | 10 |
| Geography | 4 | 2 | 0 | 2 | 80 | 23 | 79.50 | 3 | 6 |
| Science - Other Science | 5 | 1 | 2 | 0 | 75 | 17 | 54.50 | 6 | 6 |
| Science - Physics | 0 | 4 | 0 | 0 | 40 | 81 | 91.25 | 1 | 4 |
| Science - Biology | 0 | 4 | 0 | 3 | 40 | 81 | 114.50 | 0 | 4 |
| Fine Arts - Visual Fine Arts | 0 | 4 | 0 | 1 | 40 | 85 | 107.50 | 1 | 4 |
| Religion | 0 | 4 | 1 | 0 | 35 | 83 | 113.25 | 1 | 4 |
| Science - Chemistry | 0 | 3 | 1 | 0 | 25 | 93 | 111.67 | 1 | 3 |
| Literature - American Literature | 0 | 2 | 0 | 0 | 20 | 115 | 117.50 | 1 | 2 |
| History - American History | 0 | 2 | 0 | 0 | 20 | 100 | 114.50 | 0 | 2 |
| Social Science | 1 | 0 | 1 | 0 | 10 | 74 | 74.00 | 0 | 1 |
| History - Ancient History | 0 | 1 | 0 | 1 | 10 | 90 | 90.00 | 1 | 1 |
| History - European History | 0 | 1 | 0 | 1 | 10 | 130 | 130.00 | 1 | 1 |
| Literature - World Literature | 0 | 1 | 0 | 0 | 10 | 111 | 111.00 | 1 | 1 |
| Philosophy | 0 | 1 | 1 | 0 | 5 | 108 | 108.00 | 0 | 1 |
| Mythology | 0 | 1 | 1 | 0 | 5 | 123 | 123.00 | 0 | 1 |